Nová bankovní regulace Basel II - důvod k obavám?
Nový koncept kapitálovej primeranosti známy ako Bazilej II. Výhody nového konceptu. Odpovede na otázky, či existujú dôvody obávať sa zo zavedenia Bazilej II. Spôsobí zavedenie nového konceptu procyklický efekt? Môže mať obmedzujúce alebo likvidačné účinky na malé a stredné podniky? Obavy českých bá...
Gespeichert in:
| 1. Verfasser: | |
|---|---|
| Weitere Verfasser: | |
| Format: | Buchkapitel |
| Sprache: | Tschechisch |
| Schlagworte: | |
| Tags: |
Keine Tags, Fügen Sie das erste Tag hinzu!
|
MARC
| LEADER | 00000naa$a2200000$$$4500 | ||
|---|---|---|---|
| 001 | 0027256 | ||
| 005 | 20231010083939.6 | ||
| 041 | 0 | |a cze | |
| 044 | |a CZ | ||
| 245 | 1 | 0 | |a Nová bankovní regulace Basel II - důvod k obavám? |c Věra Mašindová, Ivan Babouček |
| 520 | |a Nový koncept kapitálovej primeranosti známy ako Bazilej II. Výhody nového konceptu. Odpovede na otázky, či existujú dôvody obávať sa zo zavedenia Bazilej II. Spôsobí zavedenie nového konceptu procyklický efekt? Môže mať obmedzujúce alebo likvidačné účinky na malé a stredné podniky? Obavy českých bánk z rozdielnych požiadaviek od orgánov dohľadu. Ako sa vysporiada regulátor i banky so zložitosťou Bazilej II. Prevaha pozitívnych očakávaní. | ||
| 610 | 2 | 0 | |a primeranosť kapitálová |
| 610 | 2 | 0 | |a banky |
| 610 | 2 | 0 | |a služby bankové |
| 610 | 2 | 0 | |a trh spoločný |
| 610 | 2 | 0 | |a koncepcie |
| 610 | 2 | 0 | |a regulácia |
| 610 | 2 | 0 | |a sústava banková |
| 610 | 2 | 0 | |a Bazilej II |
| 610 | 2 | 0 | |a Európska únia |
| 100 | 1 | |a Mašindová, Věra | |
| 700 | 1 | |a Babouček, Ivan | |